highest grossing alien movies - Statistics

General Stats
  • This quiz has been taken 27 times
  • The average score is 10 of 15
Answer Stats
year starring gross film % Correct
1982 Drew Barrymore $1.32 billion E.T. the Extra-Terrestrial
96%
2014 Dave Bautista $386 million Guardians of the Galaxy
92%
2007 Shia LeBeouf $434 million Transformers
92%
1997 Will Smith $511 million Men in Black
88%
2009 Zoe Saldana $911 million Avatar
84%
2019 Brie Larson $443 million Captain Marvel
84%
1996 Jeff Goldblum $649 million Independence Day
80%
2017 Chris Pratt $408 million Guardians of the Galaxy Vol. 2
72%
2002 Tommy Lee Jones $317 million Men in Black II
72%
1977 Richard Dreyfuss $523 million Close Encounters of the Third Kind
64%
2005 Tom Cruise $342 million War of the Worlds
64%
2009 Megan Fox $505 million Transformers: Revenge of the Fallen
60%
2002 Mel Gibson $367 million Signs
36%
2008 Harrison Ford $413 million Indiana Jones and the Kingdom of the Crystal Skull
32%
2011 Rosie Huntington-Whiteley $414 million Transformers: Dark of the Moon
28%
No matching quizzes found
Score Distribution
Percent of People with Each Score
Percentile by Number Answered
Your Score History
You have not taken this quiz